| 000 | 01087nam a22003137a 4500 | ||
|---|---|---|---|
| 003 | CHAP | ||
| 005 | 20220329135354.0 | ||
| 008 | 971013s1942 r 00010 d | ||
| 010 | _a35224 | ||
| 011 | _a36196 | ||
| 035 | _a40315 | ||
| 040 | _cCHAP | ||
| 082 |
_a630.79 _bM4 |
||
| 110 |
_aMéxico. Secretaría de Agricultura y Fomento _977108 |
||
| 245 |
_aExposiciones _b: bases y reglamentos para la Exposición Nacional de Agricultura y Ganadería |
||
| 250 | _a1942 | ||
| 260 |
_aMéxico, D.F. : _b(s.e.), _c1942 |
||
| 300 |
_a119 p. _b: ilus |
||
| 590 |
_aBATCH-UPD _b10 _c20130110 _lUCH01 _h0036 |
||
| 590 |
_aCONVERSION _b10 _c20130109 _lUCH01 _h1320 |
||
| 650 | 1 | 4 |
_aAgricultura _xExposiciones. _91484 |
| 901 | _aBK | ||
| 942 | _cLIBRO | ||
| 949 |
_a630.79 M4 _bBC _cBPA _d-92191 _eBPA _h20177 _i40315 _si |
||
| 949 |
_a630.79 M4 _bBC _cBPA _d-92195 _eBPA _fc.2 _h20178 _i40315 _si |
||
| 949 |
_a630.79 M4 _bBC _cBPA _d-92197 _eBPA _fc.3 _h20179 _i40315 _si |
||
| 949 |
_a630.79 M4 _bBC _cBPA _d-92199 _eBPA _fc.4 _h20180 _i40315 _si |
||
| 949 |
_a630.79 M4 _bBC _cBPA _d-92201 _eBPA _fc.5 _h20181 _i40315 _si |
||
| 999 |
_c35224 _d35224 |
||